| 000 | 00663nam a2200181Ia 4500 | ||
|---|---|---|---|
| 008 | 090123s9999 xx 000 0 und d | ||
| 082 |
_b7868 _a923.254/देवस्थ |
||
| 100 | _aदेवस्थळे सुमती | ||
| 245 | _aडॉ अल्बर्ट स्वाइटझर | ||
| 250 | _a1 | ||
| 260 | _bमॅजेस्टिक प्रकाशन | ||
| 300 | _a446 | ||
| 600 | _aदेवस्थळे सुमती | ||
| 630 | _aडॉ अल्बर्ट स्वाइटझर | ||
| 700 | _aदेवस्थळे सुमती | ||
| 730 | _aडॉ अल्बर्ट स्वाइटझर | ||
| 942 | _cBOOK | ||
| 999 |
_c45934 _d45934 |
||